000 00320nam a22001457a 4500
020 _a81-300-0003-2
082 _aDIO
_bKAK/H
100 _aKAKKANADAN, RAJAN
245 _aHIMAVANTE MUKALTHATTIL
260 _aKOZHIKODE
_bPOORNNA PUBLICATIONS
_c2016
300 _a160
520 _aNOVEL
650 _aNOVEL
942 _cBK
999 _c5281
_d5281